10 najdłuższych rzek w Polsce - nagła śmierć - Statystyki

Ogólne statystyki
  • Ten quiz został rozwiązany 207 razy
  • Średni wynik to 6 z 10
Answers on the Grid
Answers color-coded by a green-red scale on the quiz's grid according to % correct below.
Wisła
Odra
Warta
Bug
San
Narew
Noteć
Pilica
Bóbr
Wieprz
Łyna
Brda
Pisa
Wisłoka
Nysa Łużycka
Dunajec
Wkra
Prosna
Drawa
Biebrza
 
Statystyki odpowiedzi
Odpowiedź % Poprawnych
Odra
89%
Wisła
89%
Warta
81%
Bug
72%
San
57%
Narew
56%
Noteć
43%
Pilica
34%
Wieprz
33%
Bóbr
21%
Nie znaleziono quizów pasujących do podanych kryteriów
Rozkład punktacji
Procent ludzi z każdym wynikiem
Percentyl według liczby udzielonych odpowiedzi
Twoja historia wyników
Nie rozwiązałeś tego quizu